000 00584nam a2200217Ia 4500
003 OSt
005 20221005133816.0
006 a|||||r|||| 00| 0
007 ta
008 221004b |||||||| |||| 00| 0 pan d
024 _a62833
037 _cTextual
040 _aCRL
_cCRL
_bpan
041 _2pan
_apan
082 _aO153,2NGAx, L6.1
245 0 _aਪਰਿਤੋF ਗਾਰਗੀ ਦੇ ਸਾਰੇ ਨਾਟਕ
260 _c1976
650 _aਪੰਜਾਬੀ ਸਾਹਿਤ
942 _hO153,2NGAx, L6.1
_cTEXL
_2cc
999 _c1067944
_d1067944